Desde otra mirada: textos de teoría crítica del derecho
Uloženo v:
| Hlavní autor: | |
|---|---|
| Médium: | Kniha |
| Jazyk: | španělština |
| Vydáno: |
Buenos Aires
Eudeba
2001
|
| Edice: | Facultad de Derecho. Serie Textos
|
| Témata: | |
| Tagy: |
Přidat tag
Žádné tagy, Buďte první, kdo vytvoří štítek k tomuto záznamu!
|
MARC
| LEADER | 00000nam a2200000 a 4500 | ||
|---|---|---|---|
| 001 | UCM0962 | ||
| 003 | CL-VaPUC | ||
| 008 | 020322e20010100AG |||||||||||||||||spa|d | ||
| 082 | 0 | 4 | |a 340.1 |b COU |2 21 |
| 100 | 0 | |a Courtis, Christian |e author |9 467935 | |
| 245 | 1 | 0 | |a Desde otra mirada: textos de teoría crítica del derecho |
| 300 | |a 421 p | ||
| 942 | |c BK | ||
| 945 | |d 20020322 00:00:00 |a vberengu | ||
| 260 | |a Buenos Aires |b Eudeba |c 2001 | ||
| 650 | 0 | |a Teoría del derecho |9 255982 | |
| 650 | 0 | |a Democracia |9 255256 | |
| 650 | 0 | |a Hermenéutica |9 269473 | |
| 650 | 0 | |a Movimientos sociales |9 315241 | |
| 650 | 0 | |a Derecho privado |9 258243 | |
| 650 | 0 | |a Poder judicial |9 254871 | |
| 650 | 0 | |a Estado y derecho |9 255403 | |
| 650 | 0 | |a Teoría jurídica |9 345880 | |
| 583 | |a last modification |c 20020322 00:00:00 |k Rodrigo Vera | ||
| 490 | 0 | |a Facultad de Derecho. Serie Textos | |
| 999 | |c 299690 |d 299688 | ||
| 952 | |0 0 |1 0 |4 0 |6 340_100000000000000_COU_2001 |7 0 |8 DER_TF |9 356564 |a BIBDER |b BIBDER |d 2019-11-21 |i 3739333 |l 1 |o 340.1 COU 2001 |p 3739333 |r 2023-01-25 |s 2020-03-18 |w 2019-11-21 |x Ubicación 4to Piso |y BK |z Estos recursos deben solicitarse con anticipación |k DER | ||
| 952 | |0 0 |1 0 |4 0 |6 340_100000000000000_COU_2001 |7 0 |8 A |9 356565 |a BIBDER |b BIBDER |d 2019-11-21 |i 380884K |o 340.1 COU 2001 |p 380884K |r 2023-01-25 |w 2019-11-21 |y BK |k DER | ||